| 000 | 00470nam a2200169Ia 4500 | ||
|---|---|---|---|
| 003 | OSt | ||
| 005 | 20200622114956.0 | ||
| 008 | 190216s9999||||xx |||||||||||||| ||und|| | ||
| 040 | _coclc | ||
| 082 |
_a954.02 _bSHA/H |
||
| 100 |
_aSharma, L P _93025 |
||
| 245 | 0 |
_aHistory Of Medieval India / _cL P Sharma |
|
| 250 | _a3rdEd. | ||
| 260 |
_bKonark Pub Pvt, _c2000. _aNew Delhi: |
||
| 300 | _a512p | ||
| 942 |
_cBK _2ddc _h954.02 _iSHA/H _k954.02 _mSHA/H |
||
| 999 |
_c20666 _d20666 |
||